Statistics for Countries of Africa by Last 3 Letters

Click here to take the quiz!

General Stats

  • This quiz has been taken 992 times
  • The average score is 44 of 54

Answer Stats

No.Answers% Correct
1Algeria
99%
26Liberia
99%
37Nigeria
99%
20Gambia
97%
35Namibia
97%
53Zambia
97%
4Botswana
93%
21Ghana
93%
31Mauritania
92%
49Tanzania
92%
15Egypt
90%
45South Africa
90%
13Democratic Republic of the Congo
88%
38Republic of the Congo
88%
10Chad
87%
2Angola
86%
46South Sudan
86%
47Sudan
86%
36Niger
84%
39Rwanda
84%
52Uganda
84%
54Zimbabwe
84%
3Benin
83%
18Ethiopia
83%
24Kenya
83%
16Equatorial Guinea
82%
22Guinea
82%
30Mali
82%
33Morocco
82%
44Somalia
81%
51Tunisia
81%
27Libya
80%
28Madagascar
80%
25Lesotho
79%
17Eritrea
78%
42Seychelles
77%
50Togo
77%
6Burundi
76%
7Cameroon
76%
11Comoros
76%
14Djibouti
75%
32Mauritius
75%
34Mozambique
74%
41Senegal
74%
8Cape Verde
73%
9Central African Republic
73%
19Gabon
73%
5Burkina Faso
72%
12Cote d'Ivoire (Ivory Coast)
72%
48Swaziland
72%
29Malawi
71%
43Sierra Leone
70%
23Guinea-Bissau
66%
40Sao Tome and Principe
58%

Score Distribution

Percentile by Number Answered

Percent of People with Each Score

Your Score History

You have not taken this quiz